Development in infancy : (Record no. 12768)

000 -LEADER
fixed length control field 00528pam a2200193 a 4500
020 ## - INTERNATIONAL STANDARD BOOK NUMBER
ISBN 0070065527 :
040 ## - CATALOGING SOURCE
Transcribing agency DLC
082 00 - DEWEY DECIMAL CLASSIFICATION NUMBER
Classification number 305 HIL 1992 A020 Or.
100 1# - MAIN ENTRY--AUTHOR NAME
Personal name Bornstein, Marc H
245 10 - TITLE STATEMENT
Title Development in infancy :
Remainder of title an introduction /
250 ## - EDITION STATEMENT
Edition statement 3rd ed
260 ## - PUBLICATION, DISTRIBUTION, ETC. (IMPRINT)
Place of publication New York :
Name of publisher McGraw-Hill,
Year of publication c1992
300 ## - PHYSICAL DESCRIPTION
Number of Pages xiv, 560 p. :
Other physical details ill. ;
Dimensions 25 cm
500 ## - GENERAL NOTE
General note Lamb's name appears first on the earlier edition
650 #0 - SUBJECT ADDED ENTRY--TOPICAL TERM
Topical Term Infants
650 #0 - SUBJECT ADDED ENTRY--TOPICAL TERM
Topical Term Infant psychology
700 10 - ADDED ENTRY--PERSONAL NAME
Personal name Lamb, Michael E.,
942 ## - ADDED ENTRY ELEMENTS (KOHA)
Koha item type សៀវភៅភាសាអង់គ្លេស
952 ## - LOCATION AND ITEM INFORMATION (KOHA)
Withdrawn status [LOCAL, KOHA] 0
Holdings
Permanent Location Date acquired Koha item type Lost status Shelving location Barcode Current Location Full call number
Library Block A2017-08-16សៀវភៅភាសាអង់គ្លេស A020A17451Library Block A305 HIL 1992 A020 Or.
មជ្ឈមណ្ឌលឯការនៃសាកលវិទ្យាល័យភូមិន្ទកសិកម្មចំការដូង

Powered by Koha